|
|
|
|
| LEADER |
01219nac a2200253 u 4500 |
| 001 |
10082075 |
| 003 |
upatras |
| 005 |
20211005103348.0 |
| 008 |
091203s2005 gr f gre |
| 020 |
|
|
|a 9608260906
|
| 040 |
|
|
|a GR-PaULI
|c GR-PaULI
|
| 041 |
0 |
|
|a gre
|
| 082 |
1 |
4 |
|a 889.10915
|2 ελλ. έκδ.
|
| 245 |
1 |
0 |
|a Η Αχαϊκή ποίηση (1950-2005) μια περισυναγωγή
|b συμπόσιο ποίησης
|c ; επιμέλεια Σωκρ. Λ. Σκαρτσής
|
| 260 |
|
|
|a Πάτρα
|b Περί Τεχνών
|c 2005
|
| 300 |
|
|
|a 453 σ.
|c 22 εκ.
|
| 500 |
|
|
|a Το συμπόσιο πραγματοποιήθηκε 1-3 Ιουλίου 2005
|
| 650 |
|
4 |
|a Νεοελληνική ποίηση
|v Συνέδρια
|9 54184
|
| 700 |
1 |
|
|9 11576
|a Σκαρτσής, Σωκράτης Λ.,
|d 1936-
|4 edt
|
| 852 |
|
|
|a GR-PaULI
|b ΠΑΤΡΑ
|b ΦΙΛΟΛΟΓΙΑ
|k ΔΑΝΕΙΖ-6
|h 889.10915 ΑΧΑ
|m 009596
|p 025000194817
|t 1
|
| 942 |
|
|
|2 ddc
|
| 952 |
|
|
|0 0
|1 0
|2 ddc
|4 0
|6 889_109150000000000_ΑΧΑ
|7 0
|9 86759
|a LISP
|b LISP
|c BSC
|d 2016-04-24
|i 009596
|l 0
|o 889.10915 ΑΧΑ
|p 025000194817
|r 2016-04-24 00:00:00
|t 1
|w 2016-04-24
|y BK15
|x Μεταφορά Τμήματος Φιλολογίας
|
| 998 |
|
|
|c ELIDOC
|d 2009-12
|
| 999 |
|
|
|c 57854
|d 57854
|